| 000 | 00856nam a22002057a 4500 | ||
|---|---|---|---|
| 999 |
_c162644 _d162644 |
||
| 005 | 20190319162355.0 | ||
| 010 | _aB-713332 | ||
| 020 |
_a9788186270981 _c690.00 |
||
| 035 | _aB-713332 | ||
| 037 | _bBirla Publications | ||
| 082 | _a621.382 | ||
| 100 | _aRajput, R.K. | ||
| 245 |
_aAn integrated course in electronics and communication engineering / _cby R.K. Rajput |
||
| 260 |
_aDelhi _bBirla Publications _c2018 |
||
| 270 |
_a1/9185, Street No. 5, West Rohtash Nagar, Shahdara _bDelhi _e110032 |
||
| 300 |
_a1116p.: _bill. _c24cm(Pbk) |
||
| 500 | _awith several thousands objective type questions with answers | ||
| 942 |
_2ddc _cEN _mRAJ _h621.382 |
||